| 000 | 00781nam a2200289 a 4500 | ||
|---|---|---|---|
| 003 | AR-BaBNM | ||
| 005 | 20251128204052.0 | ||
| 008 | 082120s2002 ||||||||||||||000 | spa|| | ||
| 020 | _a950-25-0659-6 | ||
| 040 | _cAR-BaBNM | ||
| 100 | 1 | _aBianco, José | |
| 245 | 0 | 0 |
_aLa pérdida del reino _n1 |
| 260 |
_aBuenos Aires _bCentro Editor de América Latina _c1983 |
||
| 490 | 0 |
_aCapítulo. Las nuevas propuestas _vv. 187 |
|
| 600 | 1 | 4 | _aVelázquez, Rufino |
| 650 | 4 | _aLITERATURA ARGENTINA | |
| 650 | 4 | _aNOVELAS | |
| 650 | 4 | _aLITERATURA DE FICCION | |
| 650 | 4 | _aSIGLO VEINTE | |
| 653 | _aNOVELA CONTEMPORANEA | ||
| 653 | _aNOVELA AUTOBIOGRAFICA | ||
| 653 | _aCRONICAS | ||
| 655 | _aLITERATURA | ||
| 800 | 1 |
_aZanetti, Susana _edirector |
|
| 942 | _cBK | ||
| 998 | _cGrace | ||
| 999 |
_c6041 _d6041 |
||